<?xml version="1.0" encoding="UTF-8"?><?xml-stylesheet type="text/xsl" href="static/style.xsl"?><OAI-PMH xmlns="http://www.openarchives.org/OAI/2.0/" xmlns:xsi="http://www.w3.org/2001/XMLSchema-instance" xsi:schemaLocation="http://www.openarchives.org/OAI/2.0/ http://www.openarchives.org/OAI/2.0/OAI-PMH.xsd"><responseDate>2026-06-07T17:24:50Z</responseDate><request verb="GetRecord" identifier="oai:docta.ucm.es:20.500.14352/13918" metadataPrefix="marc">https://docta.ucm.es/rest/oai/request</request><GetRecord><record><header><identifier>oai:docta.ucm.es:20.500.14352/13918</identifier><datestamp>2023-08-26T05:44:52Z</datestamp><setSpec>com_20.500.14352_14</setSpec><setSpec>col_20.500.14352_15</setSpec></header><metadata><record xmlns="http://www.loc.gov/MARC21/slim" xmlns:dcterms="http://purl.org/dc/terms/" xmlns:xsi="http://www.w3.org/2001/XMLSchema-instance" xmlns:doc="http://www.lyncode.com/xoai" xsi:schemaLocation="http://www.loc.gov/MARC21/slim http://www.loc.gov/standards/marcxml/schema/MARC21slim.xsd">
   <leader>00925njm 22002777a 4500</leader>
   <datafield ind2=" " ind1=" " tag="042">
      <subfield code="a">dc</subfield>
   </datafield>
   <datafield ind2=" " ind1=" " tag="720">
      <subfield code="a">Castillo Alonso, Juan José</subfield>
      <subfield code="e">author</subfield>
   </datafield>
   <datafield ind2=" " ind1=" " tag="260">
      <subfield code="c">2018</subfield>
   </datafield>
   <datafield ind2=" " ind1=" " tag="520">
      <subfield code="a">Cuesta entender que el trabajo de profesores e investigadores en la Universidad y otras instituciones de investigación, trabajadoras y trabajadores, pueda ser considerado como otra parte, y no menor, desde luego, del conjunto de personas que forman en nuestro país y en tantos otros un volumen creciente de trabajadores precarios; del precariado. Bombardeados por la permanente insistencia en los medios de comunicación y las banales afirmaciones de muchos políticos de que hemos llegado a una etapa en la que el conocimiento y el saber son los pilares de nuestras sociedades, nos cuesta aceptar que también en la Universidad el trabajo precario está muy presente, con daños irreparables para las personas y para la propia institución universitaria. De eso trata este artículo.</subfield>
   </datafield>
   <datafield ind1="8" ind2=" " tag="024">
      <subfield code="a">1888-0576</subfield>
   </datafield>
   <datafield ind1="8" ind2=" " tag="024">
      <subfield code="a">https://hdl.handle.net/20.500.14352/13918</subfield>
   </datafield>
   <datafield ind1="8" ind2=" " tag="024">
      <subfield code="a">https://www.fuhem.es/papeles_articulo/la-precariedad-del-trabajo-academico-en-la-universidad/</subfield>
   </datafield>
   <datafield ind2="0" ind1="0" tag="245">
      <subfield code="a">La precariedad del trabajo académico en la Universidad</subfield>
   </datafield>
</record></metadata></record></GetRecord></OAI-PMH>